000 00832nam a22002537a 4500
001 BR8206219
003 BR-BrBNA
005 20230928091456.0
007 ta
008 230509b bl.||||| |||| 00| 0 por d
040 _aBR-BrBNA
_bpor
_cBiblioteca Nacional de Agricultura
041 _a(Por)
072 _aF00; P05
_b/G514
090 _ F00 BR8206219
110 1 _aInstituto de Pesquisas Agronomicas, Porto Alegre, RS (Brasil);
_96134
110 1 _aUniversidade Federal do Rio Grande do Sul, Porto Alegre (Brasil). Depto. de Engenharia Nuclear
245 1 _aUso de radioisotopos na agricultura. Resultados experimentais 1982 [Brasil]
_bProjeto FINEP
260 3 _aPorto Alegre, RS (Brasil):
_c1982.
300 _a40 p.
650 _aRAIO GAMA
650 _aSEMENTE
909 _a202309
_bLucia
_c55
_dLucia Elande
942 _cBK
999 _c34028
_d34028